[Event "SVK-ch U10 Girls"]
[Site "Liptovsky Mikulas"]
[Date "2019.04.25"]
[Round "4"]
[White "Kaufmanova, Karin"]
[Black "Mederlyova, Beata"]
[Result "1-0"]
[WhiteElo "1000"]
[BlackElo "1290"]
[PlyCount "63"]
[EventDate "2019.04.23"]
[EventType "swiss"]
[EventRounds "9"]
[EventCountry "SVK"]
[SourceTitle "CBM 190 Extra"]
[Source "ChessBase"]
[SourceDate "2019.07.15"]
[SourceVersion "1"]
[SourceVersionDate "2019.07.15"]
[SourceQuality "1"]

1. e4 e5 2. Nf3 Nc6 3. Bc4 Bc5 4. d3 h6 5. Be3 Bxe3 6. fxe3 Nf6 7. Nc3 d6 8. h3 0-0 9. d4 Na5 10. Bd3 Re8 11. Nd2 Nc6 12. Qf3 exd4 13. exd4 Nxd4 14. Qf2 Ne6 15. 0-0-0 c6 16. Rhg1 d5 17. e5 Nd7 18. Rde1 Nec5 19. Bf5 b6 20. e6 Nxe6 21. Rgf1 Rf8 22. Re3 d4 23. Rd3 Ba6 24. Rf3 dxc3 25. Rd1 cxd2+ 26. Rxd2 Nec5 27. Ra3 Bc8 28. g4 g6 29. g5 gxf5 30. gxh6 Ne4 31. Qg1+ Kh7 32. Qg7# 1-0

[Event "SVK-ch U10 Girls"]
[Site "Liptovsky Mikulas"]
[Date "2018.04.21"]
[Round "1"]
[White "Kaufmanova, Karin"]
[Black "Novomeska, Karin"]
[Result "0-1"]
[WhiteElo "1092"]
[BlackElo "1217"]
[PlyCount "42"]
[EventDate "2018.04.21"]
[EventType "swiss"]
[EventRounds "9"]
[EventCountry "SVK"]
[SourceTitle "CBM 184 Extra"]
[Source "ChessBase"]
[SourceDate "2018.06.28"]
[SourceVersion "1"]
[SourceVersionDate "2018.06.28"]
[SourceQuality "1"]

1. e4 c6 2. Nf3 d5 3. exd5 cxd5 4. d4 Nc6 5. Nc3 Bg4 6. Bb5 Nf6 7. Bg5 e6 8. 0-0 Be7 9. Re1 0-0 10. Qd3 Bxf3 11. Qxf3 Nxd4 12. Qd3 Nxb5 13. Nxb5 a6 14. Nc3 Rc8 15. Rad1 Qb6 16. b3 Qa5 17. Na4 b5 18. Nc3 Qxc3 19. Qxc3 Rxc3 20. Rd2 Ne4 21. Rde2 Bxg5 0-1

[Event "SVK-ch U08 Girls"]
[Site "Liptovsky Mikulas"]
[Date "2017.04.22"]
[Round "1"]
[White "Kaufmanova, Karin"]
[Black "Sosovickova, Martina"]
[Result "0-1"]
[WhiteElo "1000"]
[BlackElo "1124"]
[PlyCount "40"]
[EventDate "2017.04.22"]
[EventType "swiss"]
[EventRounds "7"]
[EventCountry "SVK"]
[SourceTitle "CBM 178 Extra"]
[Source "ChessBase"]
[SourceDate "2017.06.22"]
[SourceVersion "1"]
[SourceVersionDate "2017.06.22"]
[SourceQuality "1"]

1. e4 e5 2. Nf3 Nc6 3. Bc4 Bc5 4. c3 Nf6 5. d4 exd4 6. cxd4 Bb4+ 7. Nc3 0-0 8. Bg5 d6 9. 0-0 Bxc3 10. bxc3 Be6 11. Bxe6 fxe6 12. Qb3 Qc8 13. e5 dxe5 14. dxe5 Nd5 15. Qc4 h6 16. Bh4 Qd7 17. Rad1 Qf7 18. Nd4 Nxe5 19. Rfe1 Nxc4 20. Rd3 g5 0-1